000
00352nam a2200133 a 4500
005
20140414131918.0
008
101021s19uu xx 00 eng d
050
_a
ER
_b
T32 1997
100
_a
Maccarone, Grace
245
_a
Three pigs, one wolf, and seven magic shapes.
260
_a
New York :
_b
Scholastic ,
_c
1997.
440
_a
999
_c
111613
_d
111613